Political Science . (Record no. 348982)
[ view plain ]
| 000 -LEADER | |
|---|---|
| fixed length control field | 00524 a2200181 4500 |
| 020 ## - INTERNATIONAL STANDARD BOOK NUMBER | |
| International Standard Book Number | 9780205075942 |
| 022 ## - INTERNATIONAL STANDARD SERIAL NUMBER | |
| International Standard Serial Number | 9780205075942 |
| 082 ## - DEWEY DECIMAL CLASSIFICATION NUMBER | |
| Classification number | 320 |
| 100 ## - MAIN ENTRY--PERSONAL NAME | |
| Personal name | Roskin,Michael G |
| 9 (RLIN) | 126902 |
| 245 ## - TITLE STATEMENT | |
| Title | Political Science . |
| Remainder of title | An Introduction. |
| Statement of responsibility, etc. | Michael G.Roskin |
| 250 ## - EDITION STATEMENT | |
| Edition statement | 12th. |
| 260 ## - PUBLICATION, DISTRIBUTION, ETC. | |
| Place of publication, distribution, etc. | New York. |
| Name of publisher, distributor, etc. | Longman. |
| Date of publication, distribution, etc. | 2012. |
| 300 ## - PHYSICAL DESCRIPTION | |
| Extent | 383p. |
| 500 ## - GENERAL NOTE | |
| General note | Paper cover |
| 650 ## - SUBJECT ADDED ENTRY--TOPICAL TERM | |
| Source of heading or term | NLS2024, NLSTEXTBOOKS, NLSEBOOKBANK |
| 856 ## - ELECTRONIC LOCATION AND ACCESS | |
| Uniform Resource Identifier | <a href="http://10.250.8.41:8080/xmlui/handle/123456789/47913">http://10.250.8.41:8080/xmlui/handle/123456789/47913</a> |
| 942 ## - ADDED ENTRY ELEMENTS (KOHA) | |
| Institution code [OBSOLETE] | nbs |
| Koha item type | Book |
| Call number prefix | 320 ROS |
| Source of classification or shelving scheme | |
| Withdrawn status | Lost status | Damaged status | Not for loan | Permanent Location | Current Location | Date acquired | Total Checkouts | Total Renewals | Full call number | Barcode | Date last seen | Date last checked out | Price effective from | Koha item type |
|---|---|---|---|---|---|---|---|---|---|---|---|---|---|---|
| Central Library (CL) | Central Library (CL) | 08/28/2013 | 6 | 9 | 320 ROS | NBS8829 | 12/13/2025 | 01/16/2023 | 08/28/2013 | Book |
